Examen y refutación de un folleto sobre gramática antigua del profesor don Federico Hanssen

Guardat en:
Dades bibliogràfiques
Autor principal: Barra, Eduardo de la (Autor)
Format: Llibre
Idioma:espanyol
Publicat: Rosario Tipografía y litografía de J. Ferrazini y Cía 1894
Edició:1a. ed
Col·lecció:Cuestión filológica
Matèries:
Etiquetes: Afegir etiqueta
Sense etiquetes, Sigues el primer a etiquetar aquest registre!

MARC

LEADER 00000nam a2200000 a 4500
001 UCJ3088
003 CL-VaPUC
008 070124e18940000AG |||||||||||||||||spa|d
082 0 4 |a 465  |b BAR  |2 21 
100 0 |a Barra, Eduardo de la  |e author  |9 390300 
245 1 0 |a Examen y refutación de un folleto sobre gramática antigua del profesor don Federico Hanssen 
250 |a 1a. ed 
300 |a 75 p 
942 |c BK 
945 |d 20070124 00:00:00  |a rinostro 
260 |a Rosario  |b Tipografía y litografía de J. Ferrazini y Cía  |c 1894 
500 |a Eduardo de la Barra usó, entre otros, los siguientes pseud.: Leopoldo Valenzuela, Omega, Fray Pedro Chassepot, Evangelino, Veritas, Mochuelo, Juan Lanas 
600 0 7 |a HANSSEN, FEDERICO  |2 CL-VaPUC  |9 504388 
650 0 |a Gramática histórica  |9 314729 
650 7 |a GRAMATICA CASTELLANA  |2 CL-VaPUC  |9 504389 
650 0 |a Verbos  |9 310738 
583 |a last modification  |c 20070124 00:00:00  |k Rodrigo Vera 
490 0 |a Cuestión filológica 
999 |c 319211  |d 319209 
952 |0 0  |1 0  |4 0  |6 465_000000000000000_BAR_1894  |7 0  |8 X  |9 397474  |a FDOBUD  |b FDOBUD  |d 2019-11-22  |i 1010700  |o 465 BAR 1894  |p 1010700  |r 2019-11-22  |w 2019-11-22  |y BK_X  |k BUD